| 000 | 01219nam a2200277 i 4500 | ||
|---|---|---|---|
| 001 | 11043 | ||
| 003 | ES-MaACL | ||
| 005 | 20250830052207.0 | ||
| 008 | 930111s1992 sp |||| | spa j | ||
| 020 | _a84-7658-364-8 | ||
| 080 | _a860 Delibes, Miguel (1920-) 1.06(063) | ||
| 111 | 2 |
_aCongreso de Literatura Española Contemporánea ( _n5º. _d1991. _cMálaga) _9327 |
|
| 245 | 1 | 0 |
_aMiguel Delibes _b: el escritor, la obra y el lector : actas del V Congreso de Literatura Española Contemporánea : Universidad de Málaga, 12, 13, y 15 de noviembre de 1991 / _cedición dirigida por Cristóbal Cuevas García y coordinada por Enrique Baena ; organización del congreso, Antonio Garrido ... [et al.]. |
| 250 | _a1ª ed. | ||
| 260 |
_aBarcelona : _bAnthropos, _c1992. |
||
| 300 |
_a348 p. ; _c20 cm. |
||
| 490 | 1 |
_aÁmbitos literarios. Ensayo ; _v45 |
|
| 600 | 1 | 7 |
_aDelibes, Miguel- _d1920-2010 _vCongresos y asambleas _9168766 |
| 700 | 0 |
_aCuevas García, Cristóbal, _d1933-2013 _942107 |
|
| 700 | 1 |
_aGarrido, Antonio. _955666 |
|
| 700 | 1 |
_aBaena, Enrique. _924583 |
|
| 830 | 0 | 0 |
_aÁmbitos literarios. _pEnsayo _v45 _9236239 |
| 852 |
_aES-MaACL _jL-18315 |
||
| 942 | _2udc | ||
| 999 |
_c11043 _d11043 |
||